| 000 | 00000nam##2200000za#4500 |
| 001 | 9.670611 |
| 003 | CaOODSP |
| 005 | 20210615125615 |
| 007 | ta |
| 008 | 150407|2008||||xxc||||| f|0| 0 eng|d |
| 020 | |a978-0-662-06201-1 |
| 022 | |a1717-7596 |
| 040 | |aCaOODSP|beng |
| 041 | |aeng |
| 041 | |afre |
| 043 | |an-cn--- |
| 086 | 1 |aCP1-3/2008 |
| 110 | 1 |aCanada. |bPrivy Council Office. |
| 245 | 10|aAccountable government : |ba guide for ministers and ministers of state |
| 260 | |bPrivy Council Office |c2008. |
| 300 | |aEnglish text, 73p. ; |c24 cm. |
| 520 | 3 |aSets out core principles regarding the role and responsibilities of Ministers in Canada’s system of responsible parliamentary government. This includes the central tenet of ministerial responsibility, both individual and collective, as well as Ministers’ relations with the Prime Minister and Cabinet, their portfolios and Parliament. It outlines standards of conduct expected of Ministers as well as addressing a range of administrative, procedural and institutional matters. |
| 563 | |aSoftcover |
| 590 | |a09-41|b2009-10-09 |
| 690 | 07|aGovernance|2gcpds |
| 792 | |tPour un gouvernement responsable : |efre|w(CaOODSP)9.670612 |